[Event "1st FIDE World Online Women Blitz 2015"]
[Site "Rome ITA"]
[Date "2015.11.26"]
[Round "6"]
[White "Foisor, Sabina-Francesca"]
[Black "Nikolova, Adriana"]
[Result "1-0"]
[WhiteTitle "WGM"]
[BlackTitle "WGM"]
[WhiteElo "2258"]
[BlackElo "2337"]
[WhiteFideId "1212915"]
[BlackFideId "2908689"]
[EventDate "2015.11.26"]

1. d4 d5 2. c4 c6 3. Nc3 Nf6 4. e3 g6 5. Nf3 Bg7 6. b4 O-O 7. Qb3 dxc4 8. Bxc4
b5 9. Be2 a5 10. bxa5 Qxa5 11. Bd2 Qa3 12. O-O Be6 13. Qxa3 Rxa3 14. Ng5 Bc8 15.
Nce4 Nbd7 16. Bb4 Ra4 17. Bxe7 Nxe4 18. Nxe4 Re8 19. Nd6 Rxe7 20. Nxc8 Re8 21.
Nd6 Re6 22. Nxb5 cxb5 23. Bxb5 Ra7 24. Bxd7 Rxd7 25. Rfc1 h5 26. a4 Ra6 27. Rc4
Bf6 28. g3 Kf8 29. Kf1 Rdd6 30. Ke2 Rdc6 31. Rxc6 Rxc6 32. Kd3 Bd8 33. Rb1 Ra6
34. Rb4 f5 35. f3 Kf7 36. e4 fxe4+ 37. fxe4 Be7 38. Rc4 Ke6 39. h3 g5 40. g4 h4
41. Kc3 Rb6 42. a5 Rb1 43. Ra4 Rh1 44. a6 Rxh3+ 45. Kc4 Rh1 46. a7 Rc1+ 47. Kb5
Rc8 48. a8=Q Rxa8 49. Rxa8 1-0

[Event "1st FIDE World Online Women Blitz 2015"]
[Site "Rome ITA"]
[Date "2015.11.26"]
[Round "6"]
[White "Gunina, Valentina"]
[Black "Zimina, Olga"]
[Result "1-0"]
[WhiteTitle "GM"]
[BlackTitle "IM"]
[WhiteElo "2516"]
[BlackElo "2364"]
[WhiteFideId "4167570"]
[BlackFideId "4132190"]
[EventDate "2015.11.26"]

1. d4 d5 2. c4 c6 3. Nf3 e6 4. e3 Nf6 5. Bd3 dxc4 6. Bxc4 Nbd7 7. O-O Bd6 8. Nc3
b5 9. Bd3 a6 10. Ng5 Bb7 11. e4 e5 12. f4 exd4 13. Ne2 Be7 14. e5 Nd5 15. e6
fxe6 16. Nxd4 Qb6 17. Qh5+ Kd8 18. Kh1 Kc7 19. Ndxe6+ Kb8 20. a4 Ka7 21. a5 Qc5
22. Nxc5 Bxc5 23. Ne6 N7f6 24. Qe2 Bd6 25. Be3+ Nxe3 26. Qxe3+ Kb8 27. Rad1 Nd5
28. Qd4 Re8 29. f5 g6 30. Be4 gxf5 31. Bxd5 cxd5 32. Rfe1 Re7 33. Qb6 Bb4 34.
Rxd5 1-0

[Event "1st FIDE World Online Women Blitz 2015"]
[Site "Rome ITA"]
[Date "2015.11.26"]
[Round "6"]
[White "Dzagnidze, Nana"]
[Black "Gvetadze, Sofio"]
[Result "1-0"]
[WhiteTitle "GM"]
[BlackTitle "IM"]
[WhiteElo "2566"]
[BlackElo "2321"]
[WhiteFideId "13601903"]
[BlackFideId "13601440"]
[EventDate "2015.11.26"]

1. d4 Nf6 2. c4 e6 3. Nf3 d5 4. Nc3 c5 5. cxd5 exd5 6. g3 Nc6 7. Bg2 Be7 8. O-O
O-O 9. b3 cxd4 10. Nxd4 Bc5 11. Nxc6 bxc6 12. Bb2 Re8 13. Rc1 Bg4 14. h3 Bh5 15.
Qd2 d4 16. Na4 Rxe2 17. Qd3 Bb4 18. Rxc6 Rc8 19. Rxc8 Qxc8 20. g4 Rd2 21. Qb5
Bxg4 22. Qxb4 Rc2 23. hxg4 Qxg4 24. Qxd4 Qc8 25. Rd1 1-0

[Event "1st FIDE World Online Women Blitz 2015"]
[Site "Rome ITA"]
[Date "2015.11.26"]
[Round "7"]
[White "Harika, Dronavalli"]
[Black "Vasilevich, Irina"]
[Result "1-0"]
[WhiteTitle "GM"]
[BlackTitle "IM"]
[WhiteElo "2513"]
[BlackElo "2305"]
[WhiteFideId "5015197"]
[BlackFideId "4141296"]
[EventDate "2015.11.26"]

1. Nf3 c5 2. c4 b6 3. g3 Bb7 4. Bg2 Nf6 5. O-O e6 6. b3 Be7 7. Bb2 d6 8. Nc3 a6
9. d4 cxd4 10. Qxd4 Nbd7 11. Rfd1 Qc7 12. Rac1 O-O 13. e4 Rac8 14. h3 Qb8 15.
Qe3 Rfe8 16. Ne1 d5 17. exd5 exd5 18. cxd5 Bc5 19. Qd2 Qxg3 20. b4 Rxe1+ 21.
Rxe1 Ne5 22. Rxe5 Qxe5 23. bxc5 bxc5 24. Ne4 Nxe4 25. Bxe5 Nxd2 26. Bf4 Rd8 27.
Bxd2 Bxd5 28. Ba5 Rd7 29. Rxc5 Bxg2 30. Rc8+ 1-0

[Event "1st FIDE World Online Women Blitz 2015"]
[Site "Rome ITA"]
[Date "2015.11.26"]
[Round "7"]
[White "Zimina, Olga"]
[Black "Dzagnidze, Nana"]
[Result "1/2-1/2"]
[WhiteTitle "IM"]
[BlackTitle "GM"]
[WhiteElo "2364"]
[BlackElo "2566"]
[WhiteFideId "4132190"]
[BlackFideId "13601903"]
[EventDate "2015.11.26"]

1. Nf3 d5 2. c4 d4 3. e3 c5 4. exd4 cxd4 5. d3 Nc6 6. g3 e5 7. Bg2 Bd7 8. O-O
Bd6 9. Re1 Nge7 10. Nbd2 f5 11. c5 Bc7 12. Nc4 e4 13. dxe4 fxe4 14. Rxe4 O-O 15.
Qb3 Bf5 16. Nd6+ Kh8 17. Ng5 Bxd6 18. cxd6 Qxd6 19. Nf7+ Rxf7 20. Qxf7 Bxe4 21.
Bxe4 Qe5 22. Qf4 Qe6 23. Bd2 Ng6 24. Qf5 Qxf5 25. Bxf5 Nge5 26. Bf4 Rd8 27. Rd1
h6 28. h4 Kg8 29. Be4 Rd7 30. Kg2 Kf7 31. h5 Kf6 32. f3 Nb4 33. a3 Nd5 34. Bxd5
Rxd5 35. g4 Nc4 36. Kg3 Nxb2 37. Rb1 Nd3 38. Rxb7 Nxf4 39. Kxf4 d3 40. Rb1 d2
41. Rd1 Rd3 42. Ke4 Rxa3 43. Rxd2 Ra4+ 44. Ke3 Ra3+ 45. Kf4 Ra4+ 46. Ke3 Rb4 47.
Ra2 Rb7 48. Ra6+ Kf7 49. Ke4 Re7+ 50. Kf5 Rc7 51. f4 Rc5+ 52. Ke4 Rc7 53. Kf5
Rc5+ 54. Ke4 Rc7 55. Kf5 1/2-1/2

[Event "1st FIDE World Online Women Blitz 2015"]
[Site "Rome ITA"]
[Date "2015.11.26"]
[Round "7"]
[White "Nikolova, Adriana"]
[Black "Gunina, Valentina"]
[Result "0-1"]
[WhiteTitle "WGM"]
[BlackTitle "GM"]
[WhiteElo "2337"]
[BlackElo "2516"]
[WhiteFideId "2908689"]
[BlackFideId "4167570"]
[EventDate "2015.11.26"]

1. e4 c6 2. d4 d5 3. Nc3 dxe4 4. Nxe4 Bf5 5. Ng3 Bg6 6. h4 h6 7. Nf3 Nd7 8. Bd3
Bxd3 9. Qxd3 e6 10. Bd2 Ngf6 11. O-O-O Be7 12. Ne4 Nxe4 13. Qxe4 Nf6 14. Qe2 Qd5
15. Kb1 Ne4 16. Rhe1 Nd6 17. Ne5 Qxg2 18. Rg1 Qe4 19. Qxe4 Nxe4 20. Rxg7 Bf6 21.
Rg2 Bxh4 22. Bb4 a5 23. Rdg1 axb4 24. Rg4 Nd2+ 25. Kc1 Bxf2 26. Rg8+ Ke7 27.
Rxh8 Rxh8 28. Rg7 Bxd4 29. Rxf7+ Ke8 30. Ng6 Kxf7 31. Nxh8+ Bxh8 32. Kxd2 Bxb2 0-1

[Event "1st FIDE World Online Women Blitz 2015"]
[Site "Rome ITA"]
[Date "2015.11.26"]
[Round "7"]
[White "Padmini, Rout"]
[Black "Foisor, Sabina-Francesca"]
[Result "0-1"]
[WhiteTitle "IM"]
[BlackTitle "WGM"]
[WhiteElo "2437"]
[BlackElo "2258"]
[WhiteFideId "5029295"]
[BlackFideId "1212915"]
[EventDate "2015.11.26"]

1. e4 e5 2. Nf3 Nc6 3. Bc4 Bc5 4. O-O Nf6 5. d3 O-O 6. h3 d6 7. c3 a6 8. Re1 Ba7
9. Bb3 h6 10. Nbd2 Re8 11. Nf1 Be6 12. Ng3 Qd7 13. Bxe6 Qxe6 14. d4 exd4 15.
cxd4 Qd7 16. a3 Rad8 17. d5 Ne7 0-1

[Event "1st FIDE World Online Women Blitz 2015"]
[Site "Rome ITA"]
[Date "2015.11.26"]
[Round "8"]
[White "Vasilevich, Irina"]
[Black "Foisor, Sabina-Francesca"]
[Result "1/2-1/2"]
[WhiteTitle "IM"]
[BlackTitle "WGM"]
[WhiteElo "2305"]
[BlackElo "2258"]
[WhiteFideId "4141296"]
[BlackFideId "1212915"]
[EventDate "2015.11.26"]

1. c4 e5 2. Nc3 Nc6 3. g3 g6 4. Bg2 Bg7 5. Rb1 d6 6. b4 Nf6 7. e3 O-O 8. Nge2
Rb8 9. d3 Be6 10. Nd5 Qd7 11. b5 Ne7 12. Nxe7+ Qxe7 13. O-O d5 14. Qa4 Rfd8 15.
Ba3 Qd7 16. Rfd1 Bg4 17. Qc2 c6 18. Bb2 Qe8 19. h3 Bd7 20. cxd5 cxd5 21. a4 Rbc8
22. Qb3 a6 23. Ba3 axb5 24. axb5 Be6 25. d4 e4 26. Nc3 Qd7 27. Kh2 Bf8 28. Bxf8
Kxf8 29. Na4 Qd6 30. Rdc1 b6 31. Rc6 Rxc6 32. bxc6 Qxc6 33. Nxb6 Kg7 34. Na4 Qc4
35. Nc5 Qxb3 36. Rxb3 Nd7 37. Nxe6+ fxe6 38. Bf1 Kf6 39. Rb7 Ke7 40. Bb5 Kd6 41.
g4 h6 42. Kg3 g5 43. h4 Ke7 44. hxg5 hxg5 45. Ra7 Kd6 46. Ra6+ Ke7 47. Ra1 Rb8
48. Bxd7 Kxd7 49. Rh1 Ke7 50. Rh5 Kf6 51. Rh6+ Kf7 52. Rh7+ Kg6 53. Re7 Kf6 54.
Rc7 Kg6 55. Re7 Kf6 56. Rc7 Kg6 57. Re7 1/2-1/2

[Event "1st FIDE World Online Women Blitz 2015"]
[Site "Rome ITA"]
[Date "2015.11.26"]
[Round "8"]
[White "Gunina, Valentina"]
[Black "Padmini, Rout"]
[Result "1-0"]
[WhiteTitle "GM"]
[BlackTitle "IM"]
[WhiteElo "2516"]
[BlackElo "2437"]
[WhiteFideId "4167570"]
[BlackFideId "5029295"]
[EventDate "2015.11.26"]

1. d4 Nc6 2. c4 e5 3. d5 Nce7 4. Nc3 Ng6 5. g3 Bc5 6. Bg2 a6 7. Nf3 Nf6 8. O-O
d6 9. Bg5 h6 10. Bxf6 Qxf6 11. Ne4 Qe7 12. Nxc5 dxc5 13. e4 Bg4 14. Qa4+ Qd7 15.
Qa3 Bxf3 16. Bxf3 Qd6 17. Qa4+ Qd7 18. Qa3 Qd6 19. Bh5 Nf8 20. f4 Nd7 21. Bxf7+
Ke7 22. Be6 Raf8 23. f5 Nf6 24. Rfe1 h5 25. Rab1 b6 26. b4 cxb4 27. Qxb4 Qxb4
28. Rxb4 a5 29. Rb5 h4 30. c5 hxg3 31. hxg3 Rh3 32. Kg2 Rfh8 33. cxb6 cxb6 34.
Rxb6 Rh2+ 35. Kf3 Rxa2 36. d6+ Kf8 37. Rb8+ Ne8 38. Rc1 1-0

[Event "1st FIDE World Online Women Blitz 2015"]
[Site "Rome ITA"]
[Date "2015.11.26"]
[Round "8"]
[White "Dzagnidze, Nana"]
[Black "Nikolova, Adriana"]
[Result "1-0"]
[WhiteTitle "GM"]
[BlackTitle "WGM"]
[WhiteElo "2566"]
[BlackElo "2337"]
[WhiteFideId "13601903"]
[BlackFideId "2908689"]
[EventDate "2015.11.26"]

1. d4 d5 2. c4 c6 3. cxd5 cxd5 4. Nc3 Nf6 5. Bf4 a6 6. e3 Nc6 7. Bd3 Bg4 8. Nge2
Bxe2 9. Qxe2 e6 10. Rc1 Bd6 11. Bg5 h6 12. Bh4 Be7 13. O-O O-O 14. Na4 Ne4 15.
Bxe7 Qxe7 16. Bxe4 dxe4 17. Nc5 f5 18. Qc4 Nd8 19. d5 exd5 20. Qxd5+ Qf7 21.
Rfd1 Rc8 22. Rc3 Qxd5 23. Rxd5 Rc6 24. g3 Rc7 25. h4 g6 26. Nd7 Rxc3 27. bxc3
Rf7 28. Ne5 Rf8 29. Nxg6 Re8 30. Rxf5 Nf7 31. Rd5 Kg7 32. Nf4 Rc8 33. Rd7 b5 34.
Nd5 Rc4 35. g4 Ra4 36. g5 hxg5 37. hxg5 Kf8 38. g6 Ne5 39. g7+ Ke8 40. g8=Q+
Kxd7 41. Nb6+ Kc6 42. Nxa4 bxa4 43. Qe6+ 1-0

[Event "1st FIDE World Online Women Blitz 2015"]
[Site "Rome ITA"]
[Date "2015.11.26"]
[Round "8"]
[White "Harika, Dronavalli"]
[Black "Gvetadze, Sofio"]
[Result "1-0"]
[WhiteTitle "GM"]
[BlackTitle "IM"]
[WhiteElo "2513"]
[BlackElo "2321"]
[WhiteFideId "5015197"]
[BlackFideId "13601440"]
[EventDate "2015.11.26"]

1. c4 e5 2. g3 Nc6 3. Bg2 g6 4. Nc3 Bg7 5. e4 Nge7 6. Nge2 O-O 7. d3 d6 8. O-O
Be6 9. Nd5 Qd7 10. Bh6 f6 11. Bxg7 Kxg7 12. Qd2 Rae8 13. b3 Nc8 14. Rae1 Nd8 15.
d4 c6 16. Ndc3 Bh3 17. f4 Bxg2 18. Kxg2 exf4 19. Nxf4 Ne6 20. Re2 Ng5 21. h4 Ne6
22. h5 Nxf4+ 23. Qxf4 g5 24. Qf5 Qxf5 25. Rxf5 Ne7 26. Rf1 Ng8 27. g4 Re7 28.
Kf3 Rfe8 29. b4 Nh6 30. b5 Nf7 31. bxc6 bxc6 32. Rb1 c5 33. Nd5 Rd7 34. Ke3
cxd4+ 35. Kxd4 Ne5 36. Rf1 Rf7 37. Ne3 Nc6+ 38. Kd3 Ne5+ 39. Kc3 Rd7 40. Ref2
Rf8 41. Nf5+ Kg8 42. Ne3 Kg7 43. Rb1 Rc7 44. Rfb2 Rff7 45. Nf5+ Kg8 46. Rb8+ Rf8
47. Nh6+ Kg7 48. Nf5+ Kg8 49. Rxf8+ Kxf8 50. Ne3 Kf7 51. Rb8 Nd7 52. Rh8 Kg7 53.
Rd8 Kf7 54. Nf5 Ne5 55. Ne3 Rc5 56. Rh8 Kg7 57. Rd8 Kf7 58. Rxd6 Ke7 59. Rd5 Rc6
60. Ra5 a6 61. Kd4 Ke6 62. Rd5 Rb6 63. c5 Rb2 64. Rd6+ Kf7 65. Nf5 Nxg4 66. Rxa6
Ne5 67. Ra7+ Kf8 68. Kd5 Rd2+ 69. Ke6 Rd8 70. Kxf6 Nd7+ 71. Kxg5 Nxc5 72. e5 Re8
73. Kh6 Rxe5 74. Ra8+ Kf7 75. Ng3 Re3 76. Ra7+ Ke6 77. Rg7 Nd7 78. Kxh7 Nf6+ 79.
Kh6 Re4 80. Rg6 Kf7 81. Nf5 Ng4+ 82. Kg5 Ne5 83. Rg7+ Kf8 84. h6 Nf7+ 85. Kf6
Ne5 86. h7 1-0

[Event "1st FIDE World Online Women Blitz 2015"]
[Site "Rome ITA"]
[Date "2015.11.26"]
[Round "9"]
[White "Gvetadze, Sofio"]
[Black "Vasilevich, Irina"]
[Result "1-0"]
[WhiteTitle "IM"]
[BlackTitle "IM"]
[WhiteElo "2321"]
[BlackElo "2305"]
[WhiteFideId "13601440"]
[BlackFideId "4141296"]
[EventDate "2015.11.26"]

1. e4 c5 2. Nf3 e6 3. c4 b6 4. Nc3 Bb7 5. Be2 Nc6 6. O-O Nd4 7. d3 Be7 8. Nxd4
cxd4 9. Nb1 e5 10. f4 d6 11. Nd2 exf4 12. Nf3 g5 13. Nxd4 Bf6 14. Nf5 Ne7 15.
Nh6 Ng6 16. Bh5 Bd4+ 17. Kh1 Qf6 18. Qa4+ Kf8 19. Nf5 Be5 20. Qd7 Bc8 21. Qc6
Bxf5 22. exf5 Re8 23. fxg6 hxg6 24. Bg4 f3 25. h3 fxg2+ 26. Kxg2 Bf4 27. Qf3 Kg7
28. Bxf4 gxf4 29. Qxf4 Qxb2+ 30. Kh1 f5 31. Qxd6 fxg4 32. Qd7+ Kh6 33. Qxg4 Qe2
34. Qh4+ Kg7 35. Qf6+ Kh7 36. Rf4 Re5 37. Rg1 Qh5 38. Rh4 Rg8 39. Rxh5+ Rxh5 40.
Kh2 Rg7 41. Rg4 Kg8 42. Rxg6 Rxg6 43. Qxg6+ 1-0

[Event "1st FIDE World Online Women Blitz 2015"]
[Site "Rome ITA"]
[Date "2015.11.26"]
[Round "9"]
[White "Zimina, Olga"]
[Black "Harika, Dronavalli"]
[Result "0-1"]
[WhiteTitle "IM"]
[BlackTitle "GM"]
[WhiteElo "2364"]
[BlackElo "2513"]
[WhiteFideId "4132190"]
[BlackFideId "5015197"]
[EventDate "2015.11.26"]

1. Nf3 d5 2. c4 d4 3. e3 c5 4. exd4 cxd4 5. d3 Nc6 6. g3 Nf6 7. Bg2 e6 8. O-O
Bd6 9. Re1 O-O 10. Nbd2 e5 11. Qc2 Nb4 12. Qb3 Nc6 13. a3 h6 14. Ne4 Nxe4 15.
Rxe4 Re8 16. Re1 Rb8 17. Nd2 Bf8 18. Bxc6 bxc6 19. Qxb8 Qf6 20. Qb3 Bh3 21. Qd1
Qg6 22. Qe2 f5 23. b4 h5 24. Nf1 h4 25. Bb2 c5 26. bxc5 Bxc5 27. Qf3 e4 28. dxe4
fxe4 29. Qf4 hxg3 30. Qxg3 Qf5 31. Rad1 Re6 32. Qb8+ Kh7 33. Bxd4 Rg6+ 34. Qg3
Qf3 35. Ne3 Be7 0-1

[Event "1st FIDE World Online Women Blitz 2015"]
[Site "Rome ITA"]
[Date "2015.11.26"]
[Round "9"]
[White "Padmini, Rout"]
[Black "Dzagnidze, Nana"]
[Result "0-1"]
[WhiteTitle "IM"]
[BlackTitle "GM"]
[WhiteElo "2437"]
[BlackElo "2566"]
[WhiteFideId "5029295"]
[BlackFideId "13601903"]
[EventDate "2015.11.26"]

1. e4 c5 2. Nf3 a6 3. c4 Nc6 4. Nc3 Nf6 5. d4 cxd4 6. Nxd4 e5 7. Nc2 Bc5 8. Be2
d6 9. O-O Be6 10. a3 Rc8 11. b4 Bd4 12. Nxd4 Nxd4 13. Re1 Bxc4 14. Bxc4 Rxc4 15.
Bb2 O-O 16. Qd3 Qc7 17. Rac1 Rc8 18. h3 b5 19. Kh2 Ne6 20. f3 h6 21. Ne2 d5 22.
Ng3 Nf4 23. Qd2 d4 24. Nf5 Kh7 25. g3 Ne6 26. f4 Rc2 27. Rxc2 Qxc2 28. Re2 Qxd2
29. Rxd2 exf4 30. gxf4 Nxe4 31. Rg2 d3 32. Nxg7 Nxf4 33. Ne8 Nxg2 0-1

[Event "1st FIDE World Online Women Blitz 2015"]
[Site "Rome ITA"]
[Date "2015.11.26"]
[Round "9"]
[White "Foisor, Sabina-Francesca"]
[Black "Gunina, Valentina"]
[Result "0-1"]
[WhiteTitle "WGM"]
[BlackTitle "GM"]
[WhiteElo "2258"]
[BlackElo "2516"]
[WhiteFideId "1212915"]
[BlackFideId "4167570"]
[EventDate "2015.11.26"]

1. d4 d5 2. c4 c6 3. Nc3 Nf6 4. cxd5 cxd5 5. Nf3 Nc6 6. Bf4 Nh5 7. Be5 f6 8. Bg3
Be6 9. e3 Bf7 10. Bb5 Rc8 11. O-O e6 12. Rc1 Be7 13. Na4 O-O 14. Bxc6 Rxc6 15.
Rxc6 bxc6 16. Qc2 Nxg3 17. hxg3 Qc7 18. Rc1 Rc8 19. a3 e5 20. b4 Qb8 21. Nc5 Bg6
22. Qa4 Bh5 23. Qa6 Bg4 24. Nd2 exd4 25. exd4 Bd6 26. Ndb3 h5 27. Qd3 Re8 28.
Na5 Qc7 29. Na6 Qf7 30. Rxc6 Re1+ 31. Kh2 h4 32. Rxd6 Qh5 33. Rd8+ Kf7 34. Rd7+
Bxd7 35. g4 Qxg4 36. Nc5 Qf4+ 0-1

[Event "1st FIDE World Online Women Blitz 2015"]
[Site "Rome ITA"]
[Date "2015.11.26"]
[Round "10"]
[White "Vasilevich, Irina"]
[Black "Gunina, Valentina"]
[Result "0-1"]
[WhiteTitle "IM"]
[BlackTitle "GM"]
[WhiteElo "2305"]
[BlackElo "2516"]
[WhiteFideId "4141296"]
[BlackFideId "4167570"]
[EventDate "2015.11.26"]

1. b3 d5 2. Bb2 Nf6 3. e3 Bf5 4. d3 e6 5. Nd2 c6 6. a3 Nbd7 7. Be2 Bd6 8. h3 O-O
9. g4 Bg6 10. h4 h6 11. g5 hxg5 12. hxg5 Nh7 13. f4 e5 14. Nh3 exf4 15. exf4 Re8
16. Nf3 Bh5 17. Ne5 Nxe5 18. fxe5 Bxe5 19. Bxe5 Rxe5 20. Nf4 Bxe2 21. Nxe2 Qxg5
22. Qd2 Qg2 23. O-O-O Rxe2 24. Qc3 d4 25. Qc4 Rd8 26. Rdg1 Qd5 27. Qa4 Qc5 28.
b4 Qc3 29. Kb1 b5 0-1

[Event "1st FIDE World Online Women Blitz 2015"]
[Site "Rome ITA"]
[Date "2015.11.26"]
[Round "10"]
[White "Foisor, Sabina-Francesca"]
[Black "Dzagnidze, Nana"]
[Result "1-0"]
[WhiteTitle "WGM"]
[BlackTitle "GM"]
[WhiteElo "2258"]
[BlackElo "2566"]
[WhiteFideId "1212915"]
[BlackFideId "13601903"]
[EventDate "2015.11.26"]

1. d4 Nf6 2. Bf4 e6 3. e3 b6 4. Nf3 Bb7 5. Nbd2 Bd6 6. Bg3 Bxg3 7. hxg3 d6 8.
Bd3 Nbd7 9. c4 c5 10. Qe2 h6 11. O-O O-O 12. Rad1 Qe7 13. Bb1 Rfd8 14. e4 cxd4
15. Nxd4 Rac8 16. b3 a6 17. Rfe1 Ne5 18. N2f3 Qc7 19. Qb2 Qc5 20. Re2 b5 21.
cxb5 axb5 22. b4 Qb6 23. Nb3 Nc4 24. Qd4 Qc7 25. Nfd2 e5 26. Qa1 Na3 27. Bd3 Nc2
28. Bxc2 Qxc2 29. Rc1 Qd3 30. Re3 Rxc1+ 31. Qxc1 Bxe4 32. Rxd3 Bxd3 33. Qc7 Ra8
34. Na5 e4 35. Qxd6 Rc8 36. Nab3 Rc2 37. Qd8+ Kh7 38. Qe7 Rxa2 39. Qxf7 Bc2 40.
Qb7 Rb2 41. Qf7 Bxb3 42. Nxb3 Rb1+ 43. Kh2 Ng4+ 44. Kh3 Nf6 45. g4 Rb2 46. Kg3
Rc2 47. Qb7 Rc3+ 48. f3 Rxb3 49. Qxb5 e3 50. Qf5+ Kh8 51. Qc8+ Kh7 52. Qc2+ Ne4+
53. Qxe4+ Kh8 54. Qe8+ Kh7 55. b5 Rb4 56. Qxe3 1-0

[Event "1st FIDE World Online Women Blitz 2015"]
[Site "Rome ITA"]
[Date "2015.11.26"]
[Round "10"]
[White "Nikolova, Adriana"]
[Black "Harika, Dronavalli"]
[Result "1/2-1/2"]
[WhiteTitle "WGM"]
[BlackTitle "GM"]
[WhiteElo "2337"]
[BlackElo "2513"]
[WhiteFideId "2908689"]
[BlackFideId "5015197"]
[EventDate "2015.11.26"]

1. e4 e6 2. d4 d5 3. Nd2 Nf6 4. e5 Nfd7 5. c3 c5 6. f4 Nc6 7. Ndf3 cxd4 8. cxd4
a5 9. a3 a4 10. Bd3 Nb6 11. Ne2 Be7 12. O-O Bd7 13. Nc3 g6 14. Bc2 h5 15. Nxa4
Nxa4 16. Bxa4 Nxe5 17. Bxd7+ Nxd7 18. Ne5 O-O 19. Be3 Rc8 20. Qd3 Kg7 21. Rac1
Rxc1 22. Rxc1 Nxe5 23. fxe5 Bg5 24. Qd2 Bxe3+ 25. Qxe3 Qh4 26. g3 Qg4 27. Kg2 h4
28. h3 Qxg3+ 29. Qxg3 hxg3 30. Rc7 Rb8 31. Kxg3 b5 32. b4 Ra8 33. Rc3 Ra7 34.
Kg4 Ra8 35. h4 Rh8 36. Rc5 Ra8 37. Rc3 Rh8 38. Kg5 Rh5+ 39. Kg4 Rh8 1/2-1/2

[Event "1st FIDE World Online Women Blitz 2015"]
[Site "Rome ITA"]
[Date "2015.11.26"]
[Round "10"]
[White "Zimina, Olga"]
[Black "Gvetadze, Sofio"]
[Result "1-0"]
[WhiteTitle "IM"]
[BlackTitle "IM"]
[WhiteElo "2364"]
[BlackElo "2321"]
[WhiteFideId "4132190"]
[BlackFideId "13601440"]
[EventDate "2015.11.26"]

1. Nf3 Nf6 2. c4 g6 3. Nc3 Bg7 4. e4 d6 5. d4 O-O 6. Be2 Nbd7 7. O-O e5 8. Be3
c6 9. h3 Re8 10. dxe5 dxe5 11. c5 Qe7 12. b4 Nh5 13. Bc4 Nf4 14. Qd2 Nf8 15.
Rad1 Be6 16. Bxe6 N8xe6 17. Qd7 Qf6 18. Kh2 Rab8 19. b5 Red8 20. bxc6 Rxd7 21.
cxd7 Bf8 22. Nd5 Nxd5 23. Rxd5 Rd8 24. Rb1 h6 25. Rxb7 Ng5 26. Nxg5 hxg5 27. Rc7 1-0

[Event "1st FIDE World Online Women Blitz 2015"]
[Site "Rome ITA"]
[Date "2015.11.26"]
[Round "11"]
[White "Zimina, Olga"]
[Black "Vasilevich, Irina"]
[Result "1/2-1/2"]
[WhiteTitle "IM"]
[BlackTitle "IM"]
[WhiteElo "2364"]
[BlackElo "2305"]
[WhiteFideId "4132190"]
[BlackFideId "4141296"]
[EventDate "2015.11.26"]

1. Nf3 c5 2. c4 b6 3. g3 Bb7 4. Bg2 Nf6 5. O-O e6 6. Nc3 Be7 7. d4 cxd4 8. Qxd4
a6 9. Bg5 O-O 10. Rfd1 Nc6 11. Qd2 Na5 12. b3 d5 13. Ne5 Qc7 14. Bxf6 Bxf6 15.
Ng4 Bxc3 16. Qxc3 dxc4 17. Bxb7 Qxb7 18. b4 Nc6 19. Qxc4 b5 20. Qe4 Rac8 21. Ne5
Qa8 22. Nd3 Rfd8 23. Nc5 Ne7 24. Qxa8 Rxa8 25. Rxd8+ Rxd8 26. Nxa6 Ra8 27. Nc5
Nd5 28. Nd3 Nc3 29. a3 Nxe2+ 30. Kg2 g6 31. Nc5 Kg7 32. Nb3 Nc3 33. Na5 Rd8 34.
Rc1 Rd3 35. Nc6 Nd5 36. Ra1 Rd2 37. a4 bxa4 38. Rxa4 Nc3 39. Ra3 Ne4 40. Rf3 Rb2
41. h4 h5 42. Ne5 f6 43. Nd3 Rb3 44. Re3 f5 45. Nc5 Rxe3 46. fxe3 Nxc5 47. bxc5
Kf7 48. Kf3 Ke7 49. Kf4 Kf6 50. e4 e5+ 51. Ke3 Ke6 52. Kd3 Kd7 53. exf5 gxf5 54.
Kc3 Kc6 55. Kc4 Kc7 56. Kd5 e4 57. Kd4 Kd7 58. Ke3 Kc6 59. Kd4 Kb5 60. Kd5 e3
61. c6 Kb6 62. Kd6 e2 63. c7 e1=Q 64. c8=Q Qxg3+ 65. Ke6 Qe3+ 66. Kf6 Qd4+ 67.
Kg6 Qg4+ 68. Kh6 Qf4+ 69. Kg6 Qg4+ 70. Kh6 Qxh4 71. Qxf5 Kc6 72. Qxh5 Qxh5+ 73.
Kxh5 1/2-1/2

[Event "1st FIDE World Online Women Blitz 2015"]
[Site "Rome ITA"]
[Date "2015.11.26"]
[Round "11"]
[White "Gvetadze, Sofio"]
[Black "Nikolova, Adriana"]
[Result "0-1"]
[WhiteTitle "IM"]
[BlackTitle "WGM"]
[WhiteElo "2321"]
[BlackElo "2337"]
[WhiteFideId "13601440"]
[BlackFideId "2908689"]
[EventDate "2015.11.26"]

1. e4 c5 2. Nf3 Nc6 3. Bb5 d6 4. O-O Bd7 5. Re1 Nf6 6. h3 a6 7. Bf1 e6 8. c3 Be7
9. d4 cxd4 10. cxd4 d5 11. e5 Ne4 12. Nc3 Nxc3 13. bxc3 Na5 14. Bd3 Rc8 15. Bd2
Nc4 16. Qe2 Nxd2 17. Qxd2 Qa5 18. Rac1 Ba3 19. Rb1 Qxc3 20. Rxb7 Qxd2 21. Nxd2
Bc6 22. Rb6 a5 23. Nb1 Bb4 24. Rc1 Kd7 25. a3 Be7 26. Rbxc6 Rxc6 27. Bb5 Rc8 28.
Rc3 f6 29. f4 fxe5 30. fxe5 Bg5 31. Kf2 Rc7 32. Ke2 Rc8 33. Rc2 Rc7 34. Nc3 Kd8
35. Bxc6 Rxc6 36. Kd3 Kd7 37. Rb2 Bc1 38. Rb1 Bxa3 39. Rb7+ Kd8 40. Rxg7 Bb2 41.
Nb5 Rc4 42. Ra7 Rb4 43. Rxa5 h5 44. g4 hxg4 45. hxg4 Rb3+ 46. Kc2 Rb4 47. Kd3
Rb3+ 48. Kc2 Rb4 49. g5 Bxd4 50. g6 Bxe5 51. Na7 Rb2+ 52. Kd3 Rb3+ 53. Ke2 Ke8
54. Nc6 Bc3 55. Ra8+ Kd7 56. Na7 Rb2+ 57. Kd3 Be5 58. Nc8 Rb3+ 59. Kd2 Rg3 60.
Nb6+ Kc6 61. Na4 Rg2+ 62. Kd3 Rg3+ 63. Kd2 Rxg6 64. Kd3 Rg3+ 65. Kc2 Rg2+ 66.
Kb3 Rg4 67. Nb2 Bxb2 68. Kxb2 Kd6 69. Kc3 Ke5 70. Re8 Rg3+ 71. Kd2 d4 72. Ke2
Kd5 73. Kd2 e5 74. Rd8+ Ke4 75. Rh8 Rg2+ 76. Ke1 Ra2 77. Rh3 d3 78. Kd1 Kd4 79.
Rg3 e4 80. Rg8 Rh2 81. Rd8+ Ke3 82. Kc1 Rh1+ 83. Kb2 Ke2 84. Kc3 Rc1+ 85. Kd4 e3 0-1

[Event "1st FIDE World Online Women Blitz 2015"]
[Site "Rome ITA"]
[Date "2015.11.26"]
[Round "11"]
[White "Harika, Dronavalli"]
[Black "Padmini, Rout"]
[Result "1-0"]
[WhiteTitle "GM"]
[BlackTitle "IM"]
[WhiteElo "2513"]
[BlackElo "2437"]
[WhiteFideId "5015197"]
[BlackFideId "5029295"]
[EventDate "2015.11.26"]

1. d4 Nf6 2. Bg5 d5 3. e3 c5 4. Bxf6 gxf6 5. Nc3 cxd4 6. exd4 Nc6 7. Qh5 f5 8.
Nf3 e6 9. Bb5 Bg7 10. O-O-O Bd7 11. Rhe1 O-O 12. g4 f4 13. g5 Ne7 14. Bd3 Ng6
15. h4 a6 16. Ne5 Bb5 17. Qg4 Bxd3 18. Rxd3 Bxe5 19. dxe5 Qc7 20. Qe2 b5 21. h5
Ne7 22. Qd2 b4 23. Ne2 Qxe5 24. Nxf4 Qf5 25. Rg3 Nc6 26. g6 fxg6 27. Nxe6 Qxf2
28. Qxf2 Rxf2 29. hxg6 hxg6 30. Nc7 Raf8 31. Rxg6+ Kh7 32. Rxc6 1-0